000
00430nam a2200145Ia 4500
008
100122s9999 xx 000 0 und d
082
_b
48090
_a
823
100
_a
राजे नयना
245
_a
आत्मसन्मान
260
_b
नवचैतन्य प्रकाशन
_c
1992
300
_a
139
630
_a
आत्मसन्मान
730
_a
आत्मसन्मान
942
_c
BOOK
999
_c
426811
_d
426808